000 00916nam a22002897a 4500
001 8260
003 FISKH
005 20250905110232.0
008 250905b cb ||||| |||| 00| 0 eng d
020 _a9780545292481
040 _aFISKH
_beng
_cFISKH
_dFISKH
050 _aPZ7.M47841327 J
082 _a028.5
100 _aMcCarty, Peter
245 _aJeremy draws a monster /
_cPeter McCarty
250 _aThis edition first published in 2010
260 _aNew York :
_bScholastic,
_c2009
300 _a32 unumbered pages :
_bcolor illustrations ;
_c23 cm
505 _aG
520 _aA young boy who spends most of his time alone in his bedroom makes new friends after the monster in his drawing becomes a monstrous nuisance.
521 8 _a370
_bLexile
521 8 _aG
_bRaz-Plus
650 _2Imagination
_aCreativity
650 _2Monster
_aStorytime
942 _2ddc
_cBK
_n0
999 _c8260
_d8260